00365nam a2200121Ia 4500008004100000020001400041041000800055100001900063245005300082260005700135300001900192650003200211230511s1905 xx 000 0 und d a1536-6596 aeng aAllen C.W. -ED aTake Great Pictures Guide to Digital Photography aUSAbNational Geographic Society ,Griffin J.Q.c1905 a112PB 27X22 cm aFundamentals of Photography